Tekst piosenki "Dni, których nie znamy" - Statystyki

Ogólne statystyki
  • Ten quiz został rozwiązany 84 razy
  • Średni wynik to 96 z 142
Statystyki odpowiedzi
Odpowiedź % Poprawnych
dni,
98%
kto
92%
których
92%
nie
92%
w
92%
z
92%
znamy?
92%
znamy,
92%
jeszcze
90%
na
90%
i
87%
85%
Ważne
85%
ważne
85%
te
84%
chwil,
80%
tylko
80%
Do
79%
do
79%
czekamy,
77%
czekamy
77%
Pewien
77%
tych,
75%
tych
75%
które
74%
ktoś,
74%
dom
72%
znany
72%
miał
70%
się
70%
on
69%
wpadł,
69%
Że
69%
że...
69%
Choć
67%
jest
67%
kręgi
67%
majątek
67%
nagle
67%
sad,
67%
sobie
67%
prysł,
66%
umiał
66%
właśnie,
66%
złe
66%
było
64%
kilka
64%
sens
64%
Zgubił
64%
stoczył
62%
tchu,
62%
Tyle
62%
tyle
62%
utraty
62%
wtedy
62%
Wytłumaczyć
62%
sił,
59%
Jak
56%
od
56%
myśli
54%
nic,
54%
ludzi,
52%
Jedno
51%
jedno
51%
już
51%
masz
51%
tak
51%
Ważnych
51%
wiedz:
51%
żałujesz
51%
nieposkładanych?
49%
rozpoznać
49%
Gdy
48%
warto
48%
wiele
48%
czasu
46%
nadzieję?
46%
Odpowiedzi
46%
pozbierać
46%
szukaj,
43%
znać,
43%
odnaleźć
41%
oddzielić
39%
radość
38%
serce
38%
rozumu?
36%
tłumu?
30%
pośród
26%
siebie
25%
śpiewu
23%
usłyszeć
21%
Nie znaleziono quizów pasujących do podanych kryteriów
Rozkład punktacji
Procent ludzi z każdym wynikiem
Percentyl według liczby udzielonych odpowiedzi
Twoja historia wyników
Nie rozwiązałeś tego quizu